A sketch of Chinese history

Sparad:
Bibliografiska uppgifter
Huvudupphovsman: Pott, F. L. Hawks
Materialtyp: Bok
Språk:Undetermined
Publicerad: Shanghai Kelly & Walsh 1936
Ämnen:
Taggar: Lägg till en tagg
Inga taggar, Lägg till första taggen!
Thư viện lưu trữ: Trung tâm Học liệu Trường Đại học Cần Thơ
LEADER 00507nam a2200205Ia 4500
001 CTU_111236
008 210402s9999 xx 000 0 und d
020 |c 595000 
082 |a 951 
082 |b P865 
100 |a Pott, F. L. Hawks 
245 2 |a A sketch of Chinese history 
245 0 |c F. L. Hawks Pott 
260 |a Shanghai 
260 |b Kelly & Walsh 
260 |c 1936 
650 |a History 
650 |z China 
904 |i Hiếu 
980 |a Trung tâm Học liệu Trường Đại học Cần Thơ